00414 2200169 4500245004400000020001800044250001100062100001700073650001700090005001900107260003700126041001400163084001300177300003400190336000900224338001100233 aPoor Prince Vol. 11cMorinaga, AlhText a979-9374-81-2 aCet. 1 aMorinaga, Al aKomik Jepang a20230203142303 aJakartabIndorestu Pacificc2005 aIndonesia a741.5592 a... jil. :bilus. ;c17,5 cm. atext avolume